WOW Cataclysm Classic Races - Statistics

General Stats
  • This quiz has been taken 29 times
  • The average score is 11 of 12
Answer Stats
Race % Correct
Gnome
100%
Human
100%
Orc
100%
Blood Elf
95%
Night Elf
95%
Dwarf
91%
Goblin
91%
Tauren
91%
Troll
91%
Undead
91%
Worgen
91%
Draenei
82%
No matching quizzes found
Score Distribution
Percent of People with Each Score
Percentile by Number Answered
Your Score History
You have not taken this quiz